000 00572nam a22001937a 4500
005 20250513142729.0
008 250513b |||||||| |||| 00| 0 eng d
040 _cDO
245 _aMajesty in motion
250 _aJuly 2002 Vol. 202 No 1
490 _aNational Geographic
520 _aAmerica's Nuclear Waste, Bald Eagles, Somalia, Hotspot: The Philippines, Secret Weapon of the Confederacy, The Big Bloom, 20024
650 _xNUCLEAR WASTE
650 _xEAGLES
650 _xPHILIPPINES
650 _xTHE HUNLEY
650 _xTHE BIG BLOOM
942 _2ddc
_cCR
999 _c5507
_d5507